| 000 | 00416 a2200157 4500 | ||
|---|---|---|---|
| 001 | 154310 | ||
| 040 | _cEscola São Tomás de Aquino | ||
| 100 | _aLEIBINIZ, Gottfried Wilhelm | ||
| 240 | 1 | 0 |
_aNovos ensaios sobre o entendimento humano _lpor |
| 245 | 1 | 0 | _aNovos ensaios sobre o entendimento humano |
| 300 | _a298 | ||
| 362 | 0 | _a1992 | |
| 440 | 1 | _aNova cultural | |
| 697 | _aFILOSOFIA E PSICOLOGIA | ||
| 942 | _cBK | ||
| 999 |
_c154310 _d154310 |
||